Jinnah Proposed,Gandhi Disposed: (Record no. 211111)
[ view plain ]
| 000 -LEADER | |
|---|---|
| fixed length control field | 00648nam a22001817a 4500 |
| 005 - DATE AND TIME OF LATEST TRANSACTION | |
| control field | 20250430111747.0 |
| 010 ## - LCCN (DPL NO) | |
| LC control number | ENG-144770 |
| 020 ## - INTERNATIONAL STANDARD BOOK NUMBER | |
| International Standard Book Number | 9788192543093 |
| Terms of availability | 600.00 |
| 035 ## - SYSTEM CONTROL NUMBER | |
| System control number | EN-128302 |
| 037 ## - SOURCE OF ACQUISITION | |
| Source of stock number/acquisition | DBAD/PUB |
| 082 ## - DEWEY DECIMAL CLASSIFICATION NUMBER | |
| Classification number | 301.0954 |
| 100 ## - MAIN ENTRY--PERSONAL NAME | |
| Personal name | Goradia,Prafull |
| 245 ## - TITLE STATEMENT | |
| Title | Jinnah Proposed,Gandhi Disposed: |
| Statement of responsibility, etc | Prafull Goradia,K.R. Phanda |
| Remainder of title | ...Thus India Divided/ |
| 260 ## - PUBLICATION, DISTRIBUTION, ETC. (IMPRINT) | |
| Place of publication, distribution, etc | New Delhi |
| Name of publisher, distributor, etc | CARRIED, a unit of SAMARTH, a trust |
| Date of publication, distribution, etc | 2014 |
| 270 ## - ADDRESS | |
| Address | Post Box No. 7312, Sriniwaspuri |
| City | New Delhi |
| Telephone number | 01129842070 |
| Postal code | 110065 |
| Fax number | 01129842546 |
| Electronic mail address | carried@samarth.co.in |
| 300 ## - PHYSICAL DESCRIPTION | |
| Extent | 269p. |
| Dimensions | 23 cm(pbk) |
| 942 ## - ADDED ENTRY ELEMENTS (KOHA) | |
| Source of classification or shelving scheme | Dewey Decimal Classification |
| Item type | English Books |
| Classification part | 301.0954 |
| Call number suffix | GOR |
| Withdrawn status | Lost status | Not for loan | Collection code | Home library | Current library | Date acquired | Source of acquisition | Cost, normal purchase price | Full call number | Barcode | Copy number | Cost, replacement price | Koha item type |
|---|---|---|---|---|---|---|---|---|---|---|---|---|---|
| Non-fiction | Mobile Library | Mobile Library | 25/04/2025 | DBAD | 600.00 | 301.0954 GOR | EN-128302 | 1 | 600.00 | English Books |
